[Event "Cairo Heliopolis op 2nd"]
[Site "Cairo"]
[Date "2010.05.31"]
[Round "2"]
[White "Sarwat, Walaa"]
[Black "Aly Ibrahim, Alaa"]
[Result "1-0"]
[WhiteElo "2382"]
[BlackElo "2068"]
[PlyCount "109"]
[EventDate "2010.05.30"]
[EventType "swiss"]
[EventRounds "9"]
[EventCountry "EGY"]
[SourceTitle "EXT 2011"]
[Source "ChessBase"]
[SourceDate "2010.11.26"]
[SourceVersion "1"]
[SourceVersionDate "2010.11.26"]
[SourceQuality "1"]

1. e4 g6 2. d4 Bg7 3. Nf3 d6 4. Nc3 Bg4 5. Be3 Nc6 6. d5 Ne5 7. Be2 Bxf3 8. gxf3 Nf6 9. Qd2 0-0 10. Rg1 c6 11. f4 Ned7 12. f5 cxd5 13. exd5 Rc8 14. Bh6 Qb6 15. Bxg7 Kxg7 16. Rg3 Ne5 17. f4 Nc4 18. Bxc4 Rxc4 19. 0-0-0 Rb4 20. b3 Nh5 21. Rf3 Rc8 22. fxg6 hxg6 23. f5 Rg4 24. Re1 Rg1 25. fxg6 fxg6 26. Rfe3 Rxe1+ 27. Qxe1 Rf8 28. Rxe7+ Rf7 29. Rxf7+ Kxf7 30. Qe6+ Kg7 31. Kb2 Kh6 32. Qf7 a6 33. h4 Qd8 34. Qxb7 Qxh4 35. Qxa6 Qf6 36. Qe2 Nf4 37. Qd2 g5 38. a4 g4 39. a5 g3 40. a6 g2 41. a7 g1Q 42. a8Q Kg7 43. Qa4 Ng6 44. Qd7+ Ne7 45. Qe2 Qgg5 46. b4 Kh6 47. Qh2+ Kg7 48. Qhxd6 Kh8 49. Qxf6+ Qxf6 50. b5 Ng6 51. Qc8+ Kg7 52. Qc7+ Kh6 53. b6 Nf4 54. b7 Nxd5 55. Qh2+ 1-0

[Event "Egypt op"]
[Site "Egypt"]
[Date "2009.07.25"]
[Round "5"]
[White "Aly Ibrahim, Alaa"]
[Black "Samy, Amro"]
[Result "1-0"]
[WhiteElo "2054"]
[BlackElo "2130"]
[PlyCount "63"]
[EventDate "2009.07.20"]
[EventType "swiss"]
[EventRounds "9"]
[EventCountry "EGY"]
[SourceTitle "EXT 2011"]
[Source "ChessBase"]
[SourceDate "2010.11.26"]
[SourceVersion "1"]
[SourceVersionDate "2010.11.26"]
[SourceQuality "1"]

1. e4 e6 2. d4 d5 3. Nc3 Nf6 4. Bg5 Bb4 5. Bxf6 Qxf6 6. e5 Bxc3+ 7. bxc3 Qe7 8. Nf3 0-0 9. Bd3 c5 10. 0-0 Nc6 11. Ne1 f6 12. f4 fxe5 13. fxe5 Rxf1+ 14. Bxf1 Bd7 15. Nf3 Be8 16. Rb1 Bh5 17. Bb5 Na5 18. Be2 Rc8 19. Rb5 b6 20. dxc5 Rxc5 21. Rxc5 Qxc5+ 22. Qd4 Nc6 23. Qxc5 bxc5 24. Bb5 Bxf3 25. Bxc6 Be4 26. c4 Kf7 27. c3 Kg6 28. g4 Kg5 29. Bb7 Kxg4 30. cxd5 Kf5 31. d6 Kxe5 32. d7 1-0